00333nam a2200121 a 4500001000400000003000500004005001700009008004100026040002000067100003100087245007300118260002000191329CDMR20130116135153.0130130s1975||||||||||||||||||||||||||||d aCDMRbcatcCDMR1 aLópez Nadal, Juan Manuel10aAutonomismo y prensa en Mallorcab1931-1936cJuan Manuel Lopez Nadal aBarcelonac1975